| 000 | 02030nam a2200385 a 4500 | ||
|---|---|---|---|
| 001 | ebr10735568 | ||
| 003 | CaPaEBR | ||
| 006 | m o u | ||
| 007 | cr cn||||||||| | ||
| 008 | 130329s2013 nyua sb 001 0 eng d | ||
| 010 | _z 2013013210 | ||
| 020 | _z9780801478123 (pbk. : alk. paper) | ||
| 020 | _z9780801467394 (e-book) | ||
| 040 |
_aCaPaEBR _cCaPaEBR |
||
| 035 | _a(OCoLC)857080722 | ||
| 043 | _ae-gx--- | ||
| 050 | 1 | 4 |
_aPT405 _b.B5384 2013eb |
| 082 | 0 | 4 |
_a830.9/353 _223 |
| 100 | 1 | _aBlumenthal-Barby, Martin. | |
| 245 | 1 | 0 |
_aInconceivable effects _h[electronic resource] : _bethics through twentieth-century German literature, thought, and film / _cMartin Blumenthal-Barby. |
| 260 |
_aIthaca, N.Y. : _bCornell University Press : _bCornell University Library, _c2013. |
||
| 300 |
_axxxi, 188 p. : _bill. |
||
| 490 | 1 | _aSignale : modern German letters, cultures, and thought | |
| 504 | _aIncludes bibliographical references and index. | ||
| 505 | 0 | _a"The odium of doubtfulness" : or, the vicissitudes of Arendt's metaphorical thinking -- Why does Hannah Arendt lie? : or, the vicissitudes of imagination -- "A peculiar apparatus" : Kafka's thanatopoetics -- A strike of rhetoric : Benjamin's paradox of justice -- Pernicious bastardizations : Benjamin's ethics of pure violence -- The return of the human : Germany in autumn -- A politics of enmity : M�uller's Germania death in Berlin. | |
| 533 |
_aElectronic reproduction. _bPalo Alto, Calif. : _cebrary, _d2013. _nAvailable via World Wide Web. _nAccess may be limited to ebrary affiliated libraries. |
||
| 650 | 0 |
_aGerman literature _y20th century _xHistory and criticism. |
|
| 650 | 0 |
_aEthics _zGermany _xHistory _y20th century. |
|
| 650 | 0 | _aEthics in literature. | |
| 650 | 0 | _aEthics in motion pictures. | |
| 655 | 7 |
_aElectronic books. _2local |
|
| 710 | 2 | _aebrary, Inc. | |
| 830 | 0 | _aSignale (Ithaca, N.Y.) | |
| 856 | 4 | 0 |
_uhttp://site.ebrary.com/lib/rucke/Doc?id=10735568 _zAn electronic book accessible through the World Wide Web; click to view |
| 999 |
_c36976 _d36976 |
||